000 00649nam a22002417a 4500
003 UA-OsUOA
001 68412
007 ta
008 20100426b un ||||| |||| 00| 0 ukr d
100 _aХмельковський Л.
090 _a94(477).075
_bХ65
942 _cBK
040 _aUA-OsUOA
_bukr
_cUA-OsUOA
_dUA-OsUOA
245 _a136 призвідців голодомору
300 _a136 с.
955 _a2
041 _aukr
080 _a94(477).075
020 _a978-966-395-340-3
260 _aЛьвів
_bCвічадо
_c2009
650 7 _a9 Географія. Біографії. Історія
_2UDC
999 _c354657
_d354657